[Event "?"]
[Site "Siemens IMT Linz (07)"]
[Date "1996.??.??"]
[Round "?"]
[White "Kranzl, P."]
[Black "Rolletschek, H."]
[Result "0-1"]
[WhiteElo "2225"]
[BlackElo "2320"]
[PlyCount "122"]

1. Nf3 g6 2. e4 Bg7 3. d4 d6 4. Nc3 Nf6 5. Be2 O-O 6. O-O c6 7. a4 e5 8. dxe5
dxe5 9. Qxd8 Rxd8 10. Nxe5 Nxe4 11. Nxe4 Bxe5 12. Bg5 Re8 13. Bf3 Bf5 14. Rfe1
Nd7 15. c3 f6 16. Bh4 Kg7 17. Bg3 Bxg3 18. hxg3 Bxe4 19. Rxe4 Rxe4 20. Bxe4 Nc5
21. Bc2 Rd8 22. b4 Ne6 23. Re1 Rd6 24. Bb3 Kf7 25. Re3 f5 26. Kf1 Kf6 27. Ke2
b6 28. Rd3 Rxd3 29. Kxd3 Ke5 30. f3 Nf8 31. Ke3 Nd7 32. f4+ Kd6 33. Bd1 Nf6 34.
Bf3 h6 35. Kd4 g5 36. c4 c5+ 37. bxc5+ bxc5+ 38. Ke3 g4 39. Bd1 Ke6 40. Bc2 Ne8
41. Kd2 Nd6 42. Bd3 Nb7 43. Kc3 Na5 44. Bb1 Nc6 45. Bd3 Nd4 46. Kd2 Kd6 47. Kc3
Kc6 48. Kb2 Kb6 49. Ka2 Ka5 50. Ka3 h5 51. Bb1 Ne2 52. Bxf5 Nxg3 53. Be6 Kb6
54. Kb2 Kc7 55. Bd5 Kd6 56. Kc2 h4 57. Kd3 h3 58. gxh3 gxh3 59. Ke3 h2 60. Kf2
h1=Q 61. Bxh1 Nxh1+ 0-1

[Event "?"]
[Site "Siemens IMT Linz (07)"]
[Date "1996.??.??"]
[Round "?"]
[White "Weiss, Ch"]
[Black "Lechtynsky, J."]
[Result "1-0"]
[WhiteElo "2290"]
[BlackElo "2425"]
[PlyCount "79"]

1. Nf3 Nf6 2. d4 e6 3. Bg5 c5 4. e3 Be7 5. Nbd2 cxd4 6. exd4 b6 7. Bd3 Bb7 8.
c3 d6 9. Bxf6 Bxf6 10. Ne4 Bxe4 11. Bxe4 d5 12. Bd3 O-O 13. h4 Qc7 14. Qc2 h6
15. O-O-O Nc6 16. Kb1 Rfd8 17. Rh3 Rac8 18. Qe2 Qf4 19. Re1 Be7 20. Ne5 Nxe5
21. dxe5 Bc5 22. Rf1 Be7 23. Rg3 Qa4 24. Rg4 Qc6 25. Qe3 Kh8 26. Bc2 Qb5 27.
Rd1 Ba3 28. Bb3 Bf8 29. Ba4 Qc5 30. Rdd4 Qc7 31. Bc2 b5 32. h5 Qe7 33. Rg3 Rc4
34. Qd3 f5 35. exf6 gxf6 36. Rg6 f5 37. g4 Bg7 38. b3 Rxd4 39. cxd4 Rf8 40. Qe3
1-0

[Event "?"]
[Site "Siemens IMT Linz (07)"]
[Date "1996.??.??"]
[Round "?"]
[White "Knoll, H."]
[Black "Jonkman, H."]
[Result "1/2-1/2"]
[WhiteElo "2245"]
[BlackElo "2325"]
[PlyCount "204"]

1. e4 e5 2. Nf3 Nc6 3. Bc4 Nf6 4. d3 Bc5 5. O-O d6 6. c3 Bb6 7. a4 O-O 8. h3 a6
9. Re1 Be6 10. Nbd2 Nh5 11. d4 exd4 12. cxd4 d5 13. Bb3 Nf4 14. Nf1 dxe4 15.
Rxe4 Bxb3 16. Qxb3 Qd5 17. Qc2 Nb4 18. Qb1 Ng6 19. Ne3 Qc6 20. a5 Ba7 21. Bd2
Nd5 22. Ng4 f6 23. h4 Rae8 24. Rxe8 Rxe8 25. h5 Nh8 26. h6 Qd7 27. Qa2 Rd8 28.
Ne3 g6 29. Re1 c6 30. Qb3 g5 31. Nxd5 cxd5 32. Bb4 Ng6 33. Qe3 Kf7 34. g3 Re8
35. Qc3 Rxe1+ 36. Nxe1 Qc6 37. Nd3 Qxc3 38. bxc3 Ke6 39. f3 Nh8 40. Bc5 Bb8 41.
Kf2 Nf7 42. g4 Nxh6 43. Bf8 Ng8 44. Nc5+ Kf7 45. Nd7 Ke8 46. Nxb8 Kxf8 47. Nd7+
Ke7 48. Nc5 Kd6 49. Nxb7+ Kc6 50. Nc5 Kb5 51. Nb7 Ne7 52. Ke3 Nc6 53. Kd3 Nb8
54. Kc2 Nd7 55. Kb3 Nf8 56. Nd6+ Kxa5 57. Ne8 Nd7 58. Nc7 Nb6 59. Ne8 Nd7 60.
Nc7 Nb6 61. Ne8 f5 62. Nf6 fxg4 63. fxg4 h6 64. Ng8 Nc4 65. Nxh6 Kb5 66. Nf7
Nd2+ 67. Kc2 Ne4 68. Kb3 a5 69. Ne5 a4+ 70. Kc2 Nf2 71. Nf3 Ne4 72. Ne5 Nd6 73.
Nf3 Nf7 74. Nd2 Nh6 75. Nf3 Nf7 76. Nd2 Nd8 77. Nf3 Ne6 78. Ne5 Nf4 79. Nf7 Nh3
80. Nd6+ Kc6 81. Nf7 Kb6 82. Kb2 Kb5 83. Nd6+ Kc6 84. Nf7 Kb5 85. Nd6+ Kc6 86.
Nf5 Nf2 87. Ne3 Ne4 88. Nd1 Kb5 89. Ne3 a3+ 90. Kxa3 Nxc3 91. Kb3 Ne2 92. Nf5
Kc6 93. Kc2 Nf4 94. Kd2 Ne6 95. Ke3 Nd8 96. Nh6 Ne6 97. Nf7 Kb5 98. Kd3 Kb4 99.
Ne5 Nf4+ 100. Ke3 Kc3 101. Nd7 Ng2+ 102. Kf2 Nf4 1/2-1/2

[Event "?"]
[Site "Siemens IMT Linz (07)"]
[Date "1996.??.??"]
[Round "?"]
[White "Tibensky, R."]
[Black "Gross, D."]
[Result "1/2-1/2"]
[WhiteElo "2425"]
[BlackElo "2300"]
[PlyCount "21"]

1. d4 Nf6 2. c4 e6 3. Nf3 b6 4. e3 Bb7 5. Bd3 d5 6. O-O Bd6 7. b3 O-O 8. Nc3
Nbd7 9. Bb2 c5 10. cxd5 exd5 11. Rc1 1/2-1/2

[Event "?"]
[Site "Siemens IMT Linz (07)"]
[Date "1996.??.??"]
[Round "?"]
[White "Banas, J."]
[Black "Hellmayr, A."]
[Result "1-0"]
[WhiteElo "2370"]
[BlackElo "2300"]
[PlyCount "79"]

1. c4 Nf6 2. Nc3 e6 3. e4 d5 4. e5 Ne4 5. Nf3 Nc6 6. d4 Bb4 7. Qc2 f5 8. exf6
Qxf6 9. a3 Bxc3+ 10. bxc3 O-O 11. Bd3 b6 12. O-O Bb7 13. Nd2 Na5 14. cxd5 exd5
15. Nxe4 dxe4 16. Bxe4 Bxe4 17. Qxe4 Rae8 18. Qd3 c5 19. Be3 c4 20. Qc2 Nb3 21.
Rad1 Qd6 22. Bc1 Nxc1 23. Rxc1 Qxa3 24. Ra1 Qe7 25. Qa4 Qe2 26. Qxa7 Qd2 27.
Qd7 Re2 28. Qd5+ Kh8 29. Ra8 Ree8 30. Rxe8 Rxe8 31. Qxc4 h6 32. g3 Kh7 33. Qc6
Re2 34. Qf3 Kg6 35. h4 h5 36. Qc6+ Kf5 37. Qxb6 Ke4 38. Qg6+ Kd5 39. Qxh5+ Kc4
40. Qf7+ 1-0

[Event "?"]
[Site "Siemens IMT Linz (08)"]
[Date "1996.??.??"]
[Round "?"]
[White "Lechtynsky, J."]
[Black "Kranzl, P."]
[Result "1-0"]
[WhiteElo "2425"]
[BlackElo "2225"]
[PlyCount "59"]

1. Nf3 Nf6 2. c4 g6 3. d4 c5 4. Nc3 cxd4 5. Nxd4 Bg7 6. e4 d6 7. Be2 O-O 8. Be3
Nc6 9. Nc2 Bd7 10. O-O Rc8 11. Rc1 a6 12. f4 Na5 13. b3 Ng4 14. Bxg4 Bxc3 15.
Bxd7 Qxd7 16. Qd3 Bg7 17. Nb4 Nc6 18. Nd5 Rb8 19. c5 Rfd8 20. Rfd1 Kf8 21. cxd6
exd6 22. Bf2 Re8 23. e5 Kg8 24. h3 Kh8 25. Nb6 Qe6 26. exd6 Red8 27. d7 Qf6 28.
Qd6 Kg8 29. Qxf6 Bxf6 30. Nd5 1-0

[Event "?"]
[Site "Siemens IMT Linz (08)"]
[Date "1996.??.??"]
[Round "?"]
[White "Jonkman, H."]
[Black "Gross, D."]
[Result "1-0"]
[WhiteElo "2325"]
[BlackElo "2300"]
[PlyCount "91"]

1. e4 c5 2. c3 d5 3. exd5 Qxd5 4. Nf3 Nf6 5. d4 Bg4 6. Nbd2 cxd4 7. Bc4 Qh5 8.
Qb3 Nbd7 9. cxd4 Rb8 10. h3 b5 11. Be2 e6 12. O-O Bxf3 13. Bxf3 Qh4 14. Qd3 Bb4
15. Bc6 Bxd2 16. Bxd2 O-O 17. Bxb5 Rfd8 18. Be3 Qh5 19. a4 Nd5 20. Rac1 N7f6
21. Rfe1 Nb4 22. Qe2 Qxe2 23. Rxe2 Nfd5 24. Rc5 Rd6 25. g3 Rbd8 26. Kg2 Ne7 27.
Bg5 Nbd5 28. Bxe7 Nxe7 29. Rc7 Nf5 30. Rxa7 Nxd4 31. Re5 Rb6 32. Rc5 g6 33.
Rcc7 Nxb5 34. axb5 Rf8 35. Rab7 Rb8 36. Rxb8+ Rxb8 37. Rc5 Kf8 38. Kf3 Ke7 39.
Ke4 Kd6 40. Kd4 Ra8 41. Rc6+ Kd7 42. Ra6 Rb8 43. Kc5 Rc8+ 44. Rc6 Ra8 45. Rd6+
Kc8 46. Ra6 1-0

[Event "?"]
[Site "Siemens IMT Linz (08)"]
[Date "1996.??.??"]
[Round "?"]
[White "Hellmayr, A."]
[Black "Weiss, Ch"]
[Result "0-1"]
[WhiteElo "2300"]
[BlackElo "2290"]
[PlyCount "62"]

1. g3 e5 2. Bg2 Nc6 3. e4 Bc5 4. Ne2 Nf6 5. O-O d5 6. exd5 Nxd5 7. Nbc3 Be6 8.
d3 O-O 9. Nxd5 Bxd5 10. Bxd5 Qxd5 11. Nc3 Qd7 12. Be3 Bd4 13. Ne2 Bxb2 14. Rb1
Bd4 15. Bxd4 exd4 16. Nf4 Ne5 17. Qh5 Rae8 18. h4 Qc6 19. f3 g6 20. Qh6 Nxf3+
21. Rxf3 Qxf3 22. Kh2 Qf2+ 23. Kh3 Re3 24. Qg5 Rfe8 25. Nh5 Re2 26. Nf6+ Kh8
27. h5 Qh2+ 28. Kg4 gxh5+ 29. Qxh5 Qxh5+ 30. Kxh5 R8e6 31. Rf1 Rxc2 0-1

[Event "?"]
[Site "Siemens IMT Linz (08)"]
[Date "1996.??.??"]
[Round "?"]
[White "Knoll, H."]
[Black "Banas, J."]
[Result "0-1"]
[WhiteElo "2245"]
[BlackElo "2370"]
[PlyCount "54"]

1. e4 c5 2. Ne2 Nc6 3. g3 g6 4. Bg2 Bg7 5. c3 e5 6. O-O Nge7 7. d3 O-O 8. Be3
d6 9. d4 exd4 10. cxd4 Qb6 11. dxc5 Qxb2 12. Nbc3 dxc5 13. Rb1 Qa3 14. Rb3 Qa5
15. Rb5 Qa6 16. Bxc5 Bg4 17. f3 Be6 18. Rb1 Bc4 19. Re1 Rfd8 20. Qc1 b6 21. Bf2
Ne5 22. Nf4 Rac8 23. Rd1 Rxd1+ 24. Qxd1 Nd3 25. Nfe2 Qa5 26. Qd2 Nxf2 27. Qd7
Qc5 0-1

[Event "?"]
[Site "Siemens IMT Linz (08)"]
[Date "1996.??.??"]
[Round "?"]
[White "Rolletschek, H."]
[Black "Tibensky, R."]
[Result "1/2-1/2"]
[WhiteElo "2320"]
[BlackElo "2425"]
[PlyCount "63"]

1. e4 e6 2. d3 d5 3. Nd2 c5 4. Ngf3 Nc6 5. g3 Nge7 6. Bg2 g6 7. O-O Bg7 8. Re1
b6 9. h4 h6 10. c3 Ba6 11. Nf1 Qd7 12. e5 O-O-O 13. Bf4 Kb8 14. Qd2 Nf5 15. d4
cxd4 16. cxd4 Bf8 17. Rec1 Bb4 18. Qd1 Be7 19. Ne3 Ncxd4 20. Nxd4 Nxd4 21. Qxd4
g5 22. Nxd5 Bb7 23. hxg5 hxg5 24. Be3 Bxd5 25. Bxd5 exd5 26. Kg2 Bc5 27. Qd3 d4
28. Bxg5 Rdg8 29. Bf6 Qh3+ 30. Kf3 Qg4+ 31. Kg2 Qh3+ 32. Kf3 1/2-1/2

[Event "?"]
[Site "Siemens IMT Linz (09)"]
[Date "1996.??.??"]
[Round "?"]
[White "Tibensky, R."]
[Black "Lechtynsky, J."]
[Result "1/2-1/2"]
[WhiteElo "2425"]
[BlackElo "2425"]
[PlyCount "39"]

1. d4 Nf6 2. c4 g6 3. Nc3 d5 4. Nf3 Bg7 5. Bg5 Ne4 6. cxd5 Nxg5 7. Nxg5 e6 8.
Qd2 exd5 9. Qe3+ Kf8 10. Qf4 Bf6 11. h4 h6 12. Nf3 Be6 13. e3 c6 14. Bd3 Nd7
15. Ne2 Qb8 16. Qxb8+ Rxb8 17. Nf4 Ke7 18. Nxe6 Kxe6 19. h5 g5 20. g4 1/2-1/2

[Event "?"]
[Site "Siemens IMT Linz (09)"]
[Date "1996.??.??"]
[Round "?"]
[White "Weiss, Ch"]
[Black "Knoll, H."]
[Result "1-0"]
[WhiteElo "2290"]
[BlackElo "2245"]
[PlyCount "91"]

1. d4 c5 2. d5 e5 3. e4 d6 4. Nf3 Be7 5. c4 Nf6 6. Nc3 O-O 7. Bd3 Ne8 8. h3 Na6
9. Be3 Nac7 10. a3 f5 11. exf5 Bxf5 12. Bxf5 Rxf5 13. b4 b6 14. Qd3 Qd7 15. Ne4
Na6 16. Rb1 Rc8 17. Nfd2 Rf7 18. O-O h6 19. b5 Nac7 20. a4 Nf6 21. a5 Nce8 22.
axb6 axb6 23. Ra1 Bd8 24. Ra4 Nh5 25. Rfa1 g5 26. Ra8 Nf4 27. Bxf4 gxf4 28. Qf3
Rxa8 29. Rxa8 Rg7 30. Kf1 Kh7 31. Qa3 Nf6 32. Nxf6+ Bxf6 33. Ne4 Bd8 34. Rb8
Qf5 35. Qd3 Bc7 36. Rb7 Kg6 37. f3 Re7 38. Qa3 Qd7 39. Qa8 Kg7 40. Ra7 Rf7 41.
Qb7 Qf5 42. Qc6 Qd7 43. Qxd7 Rxd7 44. Nxd6 Rxd6 45. Rxc7+ Kf8 46. Rc6 1-0

[Event "?"]
[Site "Siemens IMT Linz (09)"]
[Date "1996.??.??"]
[Round "?"]
[White "Banas, J."]
[Black "Jonkman, H."]
[Result "1-0"]
[WhiteElo "2370"]
[BlackElo "2325"]
[PlyCount "107"]

1. c4 e6 2. Nc3 d5 3. d4 Nf6 4. cxd5 exd5 5. Bg5 c6 6. Qc2 Be7 7. e3 O-O 8. Bd3
Nbd7 9. Nge2 Re8 10. O-O Nf8 11. f3 Qa5 12. a3 h6 13. b4 Qd8 14. Bh4 Ne6 15. h3
a5 16. Rab1 axb4 17. axb4 b6 18. Rfd1 Qc7 19. b5 Bb7 20. bxc6 Bxc6 21. Bg3 Qb7
22. Qb3 Nd7 23. Bb5 Ra5 24. Rdc1 Bxb5 25. Nxb5 Nf6 26. Nec3 Rc8 27. Be5 Qd7 28.
Rd1 Rc4 29. Bxf6 Bxf6 30. Kh1 Qc6 31. e4 Nxd4 32. Nxd4 Rxd4 33. Nxd5 Rxd1+ 34.
Rxd1 Rb5 35. Nxf6+ gxf6 36. Qe3 Kg7 37. f4 Qe8 38. Qd4 Rc5 39. Rd3 Qe7 40. Kh2
b5 41. Rg3+ Kh8 42. Qa1 Rc8 43. e5 fxe5 44. fxe5 Qe6 45. Qb2 Re8 46. Re3 f6 47.
Qxb5 fxe5 48. Rc3 Kh7 49. Rc6 Qf7 50. Qd3+ e4 51. Qd6 Qh5 52. Rc7+ Kh8 53. Qd4+
Kg8 54. Qg7# 1-0